000 00646nam a22002417a 4500
001 76276
003 UA-OsUOA
005 20211105200135.0
007 ta
008 20110621b un ||||| |||| 00| 0 ukr d
020 _a978-5-91503-106-6
040 _aUA-OsUOA
_brus
_cUA-OsUOA
_dUA-OsUOA
041 _arus
080 _a94(470+571)
090 _a94(470+571)
_bВ57
100 _aВладимирова О. В.
245 _aДревнейшие города России
260 _aМ.
_bООО "Дом Славянской книги"
_c2010
300 _a464 с.
650 7 _a94 Історія
_2UDC
942 _cBK
_2udc
955 _a2
999 _c362578
_d362578